Ambition and success

Bibliographic Details
Main Author: Marden, Orison Swett
Corporate Author: Title
Format: Book
Published: Selangor : Masterpiece Publication , 2006
Subjects:

MARC

LEADER 00000cam a2200000 7i4500
001 0000014519
005 20180815.0
008 080303
020 |a 9833710395 
090 0 0 |a 158.1   |b MAR 
090 0 0 |a EDU   |b ENG 
100 1 |a Marden, Orison Swett 
245 1 0 |a Ambition and success   |c Orison Swett Marden 
260 |a Selangor :   |b Masterpiece Publication ,   |c 2006 
650 0 |a Success 
650 0 |a Success   |x Psychological aspects 
710 0 |a Title 
999 |a 0001011230   |b Book   |c Adult Collection   |e Perbadanan Perpustakaan Awam Johor 
999 |a 0001011233   |b Book   |c Adult Collection   |e Perbadanan Perpustakaan Awam Johor 
999 |a 0001011234   |b Book   |c Adult Collection   |e Cawangan Urban Transformation Centre 
999 |a 0001023449   |b Book   |c Adult Collection   |e Cawangan Tmn. Ungku Tun Aminah 
999 |a 0001058045   |b Book   |c Children Collection   |e Cawangan Taman Universiti